[Event "Basingstoke 4NCL Spring Bank 2nd"]
[Site "Basingstoke"]
[Date "2019.05.26"]
[Round "4"]
[White "Jamroz, Krzysztof"]
[Black "Voiculescu Holvad, Stephane"]
[Result "1-0"]
[WhiteElo "1971"]
[BlackElo "1640"]
[PlyCount "85"]
[EventDate "2019.05.24"]
[EventType "swiss"]
[EventRounds "7"]
[EventCountry "ENG"]
[SourceTitle "CBM 190 Extra"]
[Source "ChessBase"]
[SourceDate "2019.07.15"]
[SourceVersion "1"]
[SourceVersionDate "2019.07.15"]
[SourceQuality "1"]

1. e4 e6 2. d4 d5 3. Bd3 Nf6 4. e5 Nfd7 5. Nf3 c5 6. c3 Nc6 7. 0-0 Qb6 8. Bc2 f6 9. Re1 Be7 10. Qe2 0-0 11. dxc5 Bxc5 12. b4 Be7 13. Be3 Qc7 14. exf6 Nxf6 15. Bg5 Ng4 16. Bxe7 Nxe7 17. Bxh7+ Kxh7 18. Ng5+ Kg8 19. Qxg4 Qb6 20. Qh4 Rf6 21. Qh7+ Kf8 22. Qh8+ Ng8 23. Nh7+ Kf7 24. Nxf6 Nxf6 25. Nd2 Qc7 26. Rac1 b5 27. Nf3 Ne4 28. Qh5+ Kg8 29. Ng5 Nxg5 30. Qxg5 Bd7 31. Qe5 Qb6 32. Re3 Rf8 33. Qd4 Qc7 34. Rg3 Bc8 35. Re1 Rf4 36. Rxg7+ Qxg7 37. Qxf4 Bd7 38. Re3 Qf7 39. Rg3+ Kf8 40. Qh6+ Ke8 41. Qh8+ Ke7 42. Rg7 Be8 43. h4 1-0

[Event "BCF-chT2 1819 (4NCL) Promotion"]
[Site "England"]
[Date "2019.05.06"]
[Round "11.33"]
[White "Blake, J Morgan"]
[Black "Jamroz, Krzysztof"]
[Result "1-0"]
[WhiteElo "2162"]
[BlackElo "2117"]
[PlyCount "85"]
[EventDate "2018.11.10"]
[EventType "team-tourn"]
[EventRounds "11"]
[EventCountry "ENG"]
[SourceTitle "EXT 2021"]
[Source "ChessBase"]
[SourceDate "2020.10.23"]
[SourceVersion "1"]
[SourceVersionDate "2020.10.23"]
[SourceQuality "1"]
[WhiteTeam "Sussex Martlets"]
[BlackTeam "KJCA Kings"]
[WhiteTeamCountry "ENG"]
[BlackTeamCountry "ENG"]

1. e4 c5 2. Nf3 e6 3. b3 d5 4. exd5 exd5 5. Bb5+ Bd7 6. Qe2+ Qe7 7. Bxd7+ Nxd7 8. d4 Qxe2+ 9. Kxe2 Ngf6 10. Bb2 0-0-0 11. Rd1 Ne4 12. dxc5 Bxc5 13. Nd4 Rhe8 14. Kf1 Ndf6 15. h3 g5 16. g3 g4 17. h4 Nh5 18. Nc3 f5 19. Nce2 f4 20. Nxf4 Nxf4 21. gxf4 Bd6 22. Ne2 Be7 23. h5 Bh4 24. Bd4 a6 25. Rd3 Re6 26. Ng3 Bxg3 27. fxg3 Rh6 28. Kg2 Rxh5 29. Be5 Rh3 30. Rad1 Re8 31. Re3 Nf6 32. Rc3+ Kd7 33. Rc7+ Ke6 34. Rxb7 Ne4 35. Rd3 Rc8 36. c3 Rc6 37. Re3 Kf5 38. Rf7+ Ke6 39. Rg7 Kf5 40. Bd4 Rch6 41. Rg5+ Nxg5 42. Re5+ Kf6 43. fxg5+ 1-0

[Event "Krakow op-B 29th"]
[Site "Krakow"]
[Date "2019.01.03"]
[Round "8"]
[White "Jamroz, Krzysztof"]
[Black "Cichon, Jakub"]
[Result "0-1"]
[WhiteElo "2036"]
[BlackElo "1558"]
[PlyCount "58"]
[EventDate "2018.12.27"]
[EventType "swiss"]
[EventRounds "9"]
[EventCountry "POL"]
[SourceTitle "CBM 189 Extra"]
[Source "ChessBase"]
[SourceDate "2019.05.31"]
[SourceVersion "1"]
[SourceVersionDate "2019.05.31"]
[SourceQuality "1"]

1. e4 c5 2. Nf3 d6 3. c3 Nf6 4. Be2 Nc6 5. d4 cxd4 6. cxd4 e6 7. Nc3 Be7 8. 0-0 0-0 9. a3 b6 10. d5 Ne5 11. Nd4 exd5 12. exd5 Bb7 13. f4 Ng6 14. Nf5 a6 15. Bf3 Re8 16. Be3 Bc8 17. Nd4 Nh4 18. Nc6 Qc7 19. Na4 Nxf3+ 20. Qxf3 Bg4 21. Bxb6 Bxf3 22. Bxc7 Bxd5 23. Nxe7+ Rxe7 24. Bxd6 Re2 25. Rfd1 Rxg2+ 26. Kh1 Bc6 27. Rac1 Rc2+ 28. Kg1 Rxc1 29. Rxc1 Bxa4 0-1

[Event "GBR-ch 105th"]
[Site "Hull"]
[Date "2018.07.31"]
[Round "4"]
[White "Krzyzanowski, Patryk"]
[Black "Jamroz, Krzysztof"]
[Result "1/2-1/2"]
[WhiteElo "2087"]
[BlackElo "2026"]
[PlyCount "58"]
[EventDate "2018.07.28"]
[EventType "swiss"]
[EventRounds "9"]
[EventCountry "ENG"]
[SourceTitle "CBM 185 Extra"]
[Source "ChessBase"]
[SourceDate "2018.07.29"]
[SourceVersion "1"]
[SourceVersionDate "2018.07.29"]
[SourceQuality "1"]

1. d4 Nf6 2. c4 c5 3. d5 e6 4. Nc3 exd5 5. cxd5 d6 6. e4 g6 7. Bb5+ Nbd7 8. f4 a6 9. Bxd7+ Nxd7 10. Nf3 Bg7 11. 0-0 0-0 12. f5 Ne5 13. Bf4 Qe7 14. Nxe5 Bxe5 15. Bxe5 Qxe5 16. f6 h6 17. a4 Bd7 18. a5 c4 19. Qd2 Kh7 20. Qe3 Rab8 21. Qb6 Rfc8 22. Rad1 h5 23. Qa7 g5 24. Kh1 h4 25. Rd4 h3 26. g3 Kg6 27. Rd2 Bg4 28. Qb6 Rc5 29. Rdf2 Bd7 1/2-1/2

[Event "BCF-ch Week2 AM op"]
[Site "Bournemouth"]
[Date "2016.08.04"]
[Round "4"]
[White "Jamroz, Krzysztof"]
[Black "Ivekovic, Tihana"]
[Result "0-1"]
[WhiteElo "2059"]
[BlackElo "2129"]
[PlyCount "72"]
[EventDate "2016.08.01"]
[EventType "swiss"]
[EventRounds "5"]
[EventCountry "ENG"]
[SourceTitle "CBM 173 Extra"]
[Source "ChessBase"]
[SourceDate "2016.08.29"]
[SourceVersion "1"]
[SourceVersionDate "2016.08.29"]
[SourceQuality "1"]

1. e4 c5 2. Nf3 e6 3. d4 cxd4 4. Nxd4 a6 5. Be3 Nf6 6. Bd3 Qc7 7. 0-0 d6 8. Nc3 Be7 9. Kh1 Nbd7 10. f4 0-0 11. Nb3 b5 12. a3 Bb7 13. Qe1 Rac8 14. Qg3 Rfe8 15. Rae1 e5 16. fxe5 dxe5 17. Rf5 Bxa3 18. bxa3 Qxc3 19. Bh6 g6 20. Rf3 Qc7 21. Qh4 Re6 22. Ref1 Qb6 23. Bg5 Rcc6 24. h3 Rcd6 25. Nd2 Kg7 26. g4 Re7 27. Bh6+ Kg8 28. Be3 Qc6 29. Qf2 Rde6 30. g5 Nh5 31. Kg2 Nf4+ 32. Bxf4 exf4 33. Rxf4 Ne5 34. Nf3 Qc7 35. h4 Nxd3 36. cxd3 Qxf4 0-1

[Event "BCF-ch Week2 AM op"]
[Site "Bournemouth"]
[Date "2016.08.02"]
[Round "2"]
[White "Jamroz, Krzysztof"]
[Black "Ai, Farshad"]
[Result "1-0"]
[WhiteElo "2059"]
[BlackElo "1956"]
[PlyCount "109"]
[EventDate "2016.08.01"]
[EventType "swiss"]
[EventRounds "5"]
[EventCountry "ENG"]
[SourceTitle "CBM 173 Extra"]
[Source "ChessBase"]
[SourceDate "2016.08.29"]
[SourceVersion "1"]
[SourceVersionDate "2016.08.29"]
[SourceQuality "1"]

1. e4 c6 2. Nc3 d5 3. Nf3 Bg4 4. h3 Bxf3 5. Qxf3 Nf6 6. d3 e6 7. Qg3 Nh5 8. Qe5 Nf6 9. exd5 cxd5 10. d4 a6 11. Bg5 Be7 12. Rd1 Nc6 13. Qg3 Qa5 14. Bd3 Nb4 15. 0-0 Nxd3 16. Rxd3 0-0 17. Bh6 Ne8 18. Bf4 Rc8 19. a3 Qd8 20. Be5 b5 21. Qg4 Bf6 22. f4 Nd6 23. Qe2 Rc4 24. Nd1 Ne4 25. Nf2 Nxf2 26. Rxf2 g6 27. Bxf6 Qxf6 28. Qe5 Qxe5 29. fxe5 Rfc8 30. c3 h5 31. Kf1 a5 32. Ke1 b4 33. axb4 axb4 34. Rc2 bxc3 35. Rdxc3 Rxc3 36. Rxc3 Rxc3 37. bxc3 Kg7 38. Ke2 Kh6 39. Kf3 Kg5 40. g3 h4 41. g4 Kh6 42. Kf4 g5+ 43. Ke3 Kg7 44. Kd3 f5 45. exf6+ Kxf6 46. c4 dxc4+ 47. Kxc4 e5 48. Kd5 exd4 49. Kxd4 Ke6 50. Ke4 Kf6 51. Kd5 Kf7 52. Ke5 Kg6 53. Ke6 Kg7 54. Kf5 Kh6 55. Kf6 1-0

[Event "London Classic op 7th"]
[Site "London"]
[Date "2015.12.11"]
[Round "9"]
[White "Jamroz, Krzysztof"]
[Black "Phillips, William"]
[Result "1-0"]
[WhiteElo "2103"]
[BlackElo "1901"]
[PlyCount "73"]
[EventDate "2015.12.04"]
[EventType "swiss"]
[EventRounds "9"]
[EventCountry "ENG"]
[SourceTitle "CBM 169 Extra"]
[Source "ChessBase"]
[SourceDate "2015.12.18"]
[SourceVersion "1"]
[SourceVersionDate "2015.12.18"]
[SourceQuality "1"]

1. e4 e5 2. Nf3 Nc6 3. Bb5 a6 4. Ba4 Nf6 5. 0-0 Be7 6. Re1 b5 7. Bb3 0-0 8. c3 d6 9. h3 Nb8 10. d4 Nbd7 11. Bg5 Bb7 12. Nbd2 c5 13. Bh4 Qc7 14. Bg3 c4 15. Bc2 Rfe8 16. Nh2 Bf8 17. d5 g6 18. Ng4 Bg7 19. Bh4 Nxg4 20. Qxg4 Nf6 21. Qf3 Nh5 22. g4 Nf4 23. Bg3 Bc8 24. Bxf4 exf4 25. Qxf4 Qe7 26. Nf3 b4 27. Nd4 Be5 28. Qe3 Qf6 29. Ba4 Bxd4 30. Qxd4 Qxd4 31. cxd4 Re7 32. Rac1 Bb7 33. Bc6 Rc8 34. Rxc4 Bxc6 35. Rxc6 Rxc6 36. dxc6 d5 37. Rc1 1-0